Solar Water Heating : (Record no. 17329)
[ view plain ]
| 000 -LEADER | |
|---|---|
| fixed length control field | 00908cam a22002777a 4500 |
| 001 - CONTROL NUMBER | |
| control field | 16368174 |
| 005 - DATE AND TIME OF LATEST TRANSACTION | |
| control field | 20130226143922.0 |
| 008 - FIXED-LENGTH DATA ELEMENTS--GENERAL INFORMATION | |
| fixed length control field | 100730s2010 bcca 001 0 eng |
| 010 ## - LIBRARY OF CONGRESS CONTROL NUMBER | |
| LC control number | 2010474851 |
| 020 ## - INTERNATIONAL STANDARD BOOK NUMBER | |
| International Standard Book Number | 0865716684 |
| 020 ## - INTERNATIONAL STANDARD BOOK NUMBER | |
| International Standard Book Number | 9780865716681 (pbk. : alk. paper) |
| 082 04 - DEWEY DECIMAL CLASSIFICATION NUMBER | |
| Classification number | 697.78 |
| Edition number | 22 |
| Item number | RAM |
| 100 1# - MAIN ENTRY--PERSONAL NAME | |
| Personal name | Ramlow, Bob. |
| 9 (RLIN) | 32733 |
| 245 10 - TITLE STATEMENT | |
| Title | Solar Water Heating : |
| Remainder of title | a Comprehensive Guide to Solar Water and Space Heating Systems / |
| Statement of responsibility, etc | Bob Ramlow and Benjamin Nusz. |
| 250 ## - EDITION STATEMENT | |
| Edition statement | Rev. and expanded ed. |
| 260 ## - PUBLICATION, DISTRIBUTION, ETC. (IMPRINT) | |
| Place of publication, distribution, etc | Gabriola, B.C. : |
| Name of publisher, distributor, etc | New Society Publishers, |
| Date of publication, distribution, etc | c2010. |
| 300 ## - PHYSICAL DESCRIPTION | |
| Extent | 245 p. : |
| Other physical details | ill. ; |
| Dimensions | 23 cm. |
| 500 ## - GENERAL NOTE | |
| General note | Includes index. |
| 650 #0 - SUBJECT ADDED ENTRY--TOPICAL TERM | |
| Topical term or geographic name as entry element | Solar water heaters. |
| 9 (RLIN) | 28483 |
| 650 #0 - SUBJECT ADDED ENTRY--TOPICAL TERM | |
| Topical term or geographic name as entry element | Solar space heating. |
| 9 (RLIN) | 32734 |
| 650 #0 - SUBJECT ADDED ENTRY--TOPICAL TERM | |
| Topical term or geographic name as entry element | Solar heating. |
| 9 (RLIN) | 23050 |
| 650 #0 - SUBJECT ADDED ENTRY--TOPICAL TERM | |
| Topical term or geographic name as entry element | Solar collectors. |
| 9 (RLIN) | 32735 |
| 653 ## - INDEX TERM--UNCONTROLLED | |
| Resource For college | |
| Arrived date list | February2013 |
| 700 1# - ADDED ENTRY--PERSONAL NAME | |
| Personal name | Nusz, Benjamin. |
| 9 (RLIN) | 32736 |
| 942 ## - ADDED ENTRY ELEMENTS (KOHA) | |
| Source of classification or shelving scheme | Dewey Decimal Classification |
| Item type | Book - Borrowing |
| Withdrawn status | Item status | Source of classification or shelving scheme | Damaged status | Not for loan | Vendor | Home library | Current library | Shelving location | Date acquired | Source of acquisition | Total Checkouts | Full call number | Barcode | Date last seen | Koha item type | Total Renewals | Date last borrowed |
|---|---|---|---|---|---|---|---|---|---|---|---|---|---|---|---|---|---|
| Dewey Decimal Classification | Baccah | Central Library | Central Library | First floor | 26/02/2013 | 697.78 RAM | 000028385 | 15/07/2025 | Book - Borrowing | ||||||||
| Dewey Decimal Classification | Baccah | Central Library | Central Library | First floor | 26/02/2013 | 1 | 697.78 RAM | 000028386 | 15/07/2025 | Book - Borrowing | 15 | 26/11/2013 | |||||
| Dewey Decimal Classification | Baccah | Central Library | Central Library | First floor | 26/02/2013 | 2 | 697.78 RAM | 000028387 | 15/07/2025 | Book - Borrowing | 12 | 06/11/2017 |